LEADER 01064cam0 22002653 450 001 SOB019798 005 20210705075759.0 100 $a20040211d1996 |||||ita|0103 ba 101 $aita 102 $aIT 200 1 $aEsse de maiori consilio$elegittimità civile e legittimazione politica nella Repubblica di Venezia, secc. 13.-16.$fVictor Crescenzi 210 $aRoma$cnella sede dell'Istituto$d1996 215 $aXVIII, 460 p.$d26 cm 225 2 $aNuovi Studi Storici$fIstituto storico italiano per il Medio Evo$v34 410 1$1001LAEC00018293$12001 $a*Nuovi Studi Storici / Istituto storico italiano per il Medio Evo$v34 700 1$aCrescenzi$b, Victor$3AF00012549$4070$0172000 801 0$aIT$bUNISOB$c20210705$gRICA 850 $aUNISOB 852 $aUNISOB$j900|Coll|33a|K$m112384 912 $aSOB019798 940 $aM 102 Monografia moderna SBN 941 $aM 957 $a900|Coll|33a|K$b000025$gSI$d112384$rACQUISTO$1rovito$2UNISOB$3UNISOB$420210705075744.0$520210705075759.0$6rovito 996 $aEsse de Maiori Consilio$9649256 997 $aUNISOB LEADER 02223nam0 22004813i 450 001 TO01103881 005 20231121125843.0 010 $a3458318259 100 $a20161128d1975 ||||0itac50 ba 101 | $ager 102 $ade 181 1$6z01$ai $bxxxe 182 1$6z01$an 200 1 $aReineke Fuchs$fJohann Wolfgang Goethe$gMit Stahlstichen nach Zeichnungen von Wilhelm von Kaulbach 210 $aFrankfurt am Main$cInsel$d1975 215 $a175 p.$cill.$d18 cm. 225 | $aInsel Taschenbuch$v125 410 0$1001CFI0147892$12001 $aInsel Taschenbuch$v125 676 $a831.6$9Poesia tedesca. 1750-1832.$v22 700 1$aGoethe$b, Johann Wolfgang : von$3CFIV000501$4070$0151776 702 1$aKaulbach$b, Wilhelm : von$3TSAV019469 790 1$aGoethe$b, Johan Wolfgang$3BCTV003073$zGoethe, Johann Wolfgang : von 790 0$aGete$3BVEV192657$zGoethe, Johann Wolfgang : von 790 0$aGoethe$3BVEV267017$zGoethe, Johann Wolfgang : von 790 1$aGoethe$b, Johann W.$3CFIV099113$zGoethe, Johann Wolfgang : von 790 1$aGoethe$b, Wolfgang J.$3CFIV118439$zGoethe, Johann Wolfgang : von 790 1$aGoethe$b, J. Wolfgang$3CFIV145055$zGoethe, Johann Wolfgang : von 790 1$aGoethe$b, J. W.$3CFIV151706$zGoethe, Johann Wolfgang : von 790 1$aGoethe$b, Johann Wolfgang$3CFIV151752$zGoethe, Johann Wolfgang : von 790 1$aGoethe$b, Wolfgang$3CFIV161911$zGoethe, Johann Wolfgang : von 790 1$aGoethe$b, Volfango$3NAPV085220$zGoethe, Johann Wolfgang : von 790 1$aGoethe$b, Wolfgang Johann : von$3NAPV085221$zGoethe, Johann Wolfgang : von 790 1$aGoethe$b, Wolfango$3RMLV037531$zGoethe, Johann Wolfgang : von 790 1$aGöthe$b, Wolfgang$3SBNV008821$zGoethe, Johann Wolfgang : von 790 1$aGoethe$b, G. W.$3SBNV036157$zGoethe, Johann Wolfgang : von 801 3$aIT$bIT-01$c20161128 850 $aIT-FR0017 899 $aBiblioteca umanistica Giorgio Aprea$bFR0017 912 $aTO01103881 950 0$aBiblioteca umanistica Giorgio Aprea$d 52MAG 1 COLL I 16$e 52SBA0000219535 VMN RS $fA $h20161129$i20161129 977 $a 52 996 $aReineke Fuchs$91015305 997 $aUNICAS